[Event "Managua Hurtado Memorial 19th"]
[Site "Managua"]
[Date "2019.12.30"]
[Round "8"]
[White "Rodriguez, Cristian"]
[Black "Castillo, Rommel"]
[Result "1-0"]
[WhiteElo "1602"]
[BlackElo "2053"]
[PlyCount "95"]
[EventDate "2019.12.26"]
[EventType "swiss"]
[EventRounds "9"]
[EventCountry "NCA"]
[SourceTitle "CBM 195 Extra"]
[Source "ChessBase"]
[SourceDate "2020.05.31"]
[SourceVersion "1"]
[SourceVersionDate "2020.05.31"]
[SourceQuality "1"]

1. e4 e5 2. Nf3 Nc6 3. Bc4 Be7 4. 0-0 Nf6 5. d3 d6 6. c3 Bg4 7. h3 Bh5 8. Nbd2 h6 9. Re1 a6 10. Bb3 g5 11. g4 Bg6 12. Nf1 h5 13. Bxg5 hxg4 14. Bxf6 Bxf6 15. hxg4 Qd7 16. Ne3 0-0-0 17. Kf1 Rh3 18. Ke2 Rdh8 19. Rg1 Ne7 20. Rg3 R3h7 21. Nf5 c6 22. Qg1 Ng8 23. Rd1 Kb8 24. Qg2 Bd8 25. d4 exd4 26. Rxd4 Bc7 27. Ne5 Qe8 28. Nxg6 fxg6 29. Bxg8 Qxg8 30. Ne3 Qxa2 31. Nd1 d5 32. Rf3 Rh2 33. Qg1 dxe4 34. Rxe4 Rh1 35. Qg2 Rxd1 36. Kxd1 Qb1+ 37. Kd2 Qxb2+ 38. Kd3 Qb1+ 39. Kd2 Rh1 40. Rff4 Ka7 41. Qf3 Qc1+ 42. Kd3 Rd1+ 43. Kc4 b5+ 44. Kc5 Qa3+ 45. Rb4 Qxc3+ 46. Qxc3 Kb7 47. Rxb5+ axb5 48. Rf7 1-0

[Event "Managua Hurtado Memorial 19th"]
[Site "Managua"]
[Date "2019.12.29"]
[Round "7"]
[White "Mejia, Donaldo"]
[Black "Rodriguez, Cristian"]
[Result "0-1"]
[WhiteElo "1880"]
[BlackElo "1602"]
[PlyCount "74"]
[EventDate "2019.12.26"]
[EventType "swiss"]
[EventRounds "9"]
[EventCountry "NCA"]
[SourceTitle "CBM 195 Extra"]
[Source "ChessBase"]
[SourceDate "2020.05.31"]
[SourceVersion "1"]
[SourceVersionDate "2020.05.31"]
[SourceQuality "1"]

1. Nf3 d5 2. c4 e6 3. g3 Nf6 4. Bg2 g6 5. b3 Bg7 6. Ba3 Nbd7 7. d4 c5 8. Nbd2 Qa5 9. Bxc5 Nxc5 10. dxc5 0-0 11. 0-0 Rd8 12. cxd5 exd5 13. a3 Qxc5 14. b4 Qb6 15. Nb3 Bd7 16. Rc1 Ba4 17. Nfd4 Ne4 18. Qd3 Bxb3 19. Nxb3 Bb2 20. Rb1 Bxa3 21. Nc5 Nxc5 22. bxc5 Qxc5 23. Rb3 Bb4 24. Rd1 Rd6 25. Bxd5 Rad8 26. e4 Kg7 27. Rdb1 a5 28. Qf3 Rf6 29. Qe2 b6 30. R3b2 Rfd6 31. Rc2 Qd4 32. Rd1 Qe5 33. f4 Qe7 34. Rdc1 Bc5+ 35. Rxc5 bxc5 36. Rxc5 Rxd5 37. Qb2+ Rd4 0-1

[Event "Managua Hurtado Memorial 19th"]
[Site "Managua"]
[Date "2019.12.29"]
[Round "6"]
[White "Rodriguez, Cristian"]
[Black "Rocha, Maximiliano"]
[Result "0-1"]
[WhiteElo "1602"]
[BlackElo "2072"]
[PlyCount "120"]
[EventDate "2019.12.26"]
[EventType "swiss"]
[EventRounds "9"]
[EventCountry "NCA"]
[SourceTitle "CBM 195 Extra"]
[Source "ChessBase"]
[SourceDate "2020.05.31"]
[SourceVersion "1"]
[SourceVersionDate "2020.05.31"]
[SourceQuality "1"]

1. e4 e5 2. Nf3 Nc6 3. Bc4 Nf6 4. d3 Bc5 5. 0-0 d6 6. c3 Bg4 7. Nbd2 a6 8. h3 Bh5 9. Re1 0-0 10. Bb3 Re8 11. Nf1 d5 12. Ng3 Bg6 13. Bg5 d4 14. Qd2 Qd6 15. Nf5 Bxf5 16. exf5 Rad8 17. Rad1 h6 18. Bxh6 gxh6 19. Qxh6 Nd5 20. Qg5+ Kf8 21. Bxd5 Qxd5 22. f6 Re6 23. c4 Qd6 24. Qg7+ Ke8 25. Ng5 Qf8 26. Nxe6 fxe6 27. Qxc7 Qf7 28. Qxf7+ Kxf7 29. a3 a5 30. Re4 Bd6 31. Rh4 Kxf6 32. Rh7 Be7 33. Rh6+ Kg7 34. Rxe6 Bg5 35. c5 Be7 36. b4 Kf7 37. Rh6 axb4 38. axb4 Nxb4 39. Rb6 Bxc5 40. Rxb7+ Ke6 41. Kf1 Kd5 42. Rh7 Na2 43. f3 Nb4 44. Ke2 Ra8 45. Rh5 Nc6 46. f4 Bb4 47. Rb1 Ra2+ 48. Kf3 Ra3 49. fxe5 Rxd3+ 50. Kf2 Rd2+ 51. Kf3 Rd3+ 52. Kf2 Rd2+ 53. Kf1 d3 54. e6+ Kd4 55. Rh4+ Kc3 56. Rc1+ Rc2 57. Rd1 Bc5 58. Rf4 Nd4 59. Re4 Nf5 60. Re5 Ng3+ 0-1

[Event "Managua Hurtado Memorial 18th"]
[Site "Managua"]
[Date "2018.12.27"]
[Round "2"]
[White "Rodriguez, Cristian"]
[Black "Castillo Sevilla, Ian Eiffel"]
[Result "1/2-1/2"]
[WhiteElo "1488"]
[BlackElo "1790"]
[PlyCount "121"]
[EventDate "2018.12.26"]
[EventType "swiss"]
[EventRounds "9"]
[EventCountry "NCA"]
[SourceTitle "EXT 2020"]
[Source "ChessBase"]
[SourceDate "2019.10.17"]
[SourceVersion "1"]
[SourceVersionDate "2019.10.17"]
[SourceQuality "1"]

1. e4 c5 2. Nf3 Nc6 3. d4 cxd4 4. Nxd4 g6 5. Nc3 Bg7 6. Be3 Nf6 7. Bc4 0-0 8. Bb3 d6 9. f3 Bd7 10. Qd2 a6 11. 0-0-0 Rc8 12. g4 Ne5 13. h4 Nc4 14. Bxc4 Rxc4 15. h5 Qa5 16. hxg6 fxg6 17. Nb3 Qc7 18. Bh6 Rf7 19. Bxg7 Rxg7 20. e5 Ne8 21. Ne4 Bc6 22. Ng5 Qc8 23. Na5 Rc5 24. Nxc6 Qxc6 25. exd6 exd6 26. Qe3 Re5 27. Qf4 Qc7 28. Rde1 Qe7 29. Rxe5 Qxe5 30. Qxe5 dxe5 31. Re1 Re7 32. f4 h6 33. Nf3 Nf6 34. Rxe5 Kf7 35. Rxe7+ Kxe7 36. g5 hxg5 37. fxg5 Ne4 38. Ne5 Kd6 39. Nxg6 Nxg5 40. Kd2 Kc5 41. Ne5 Kd5 42. Nd3 a5 43. Kc3 Ne6 44. Kb3 Nd4+ 45. Ka4 Nxc2 46. Kxa5 Ne3 47. Kb4 Kd4 48. Ne1 Nd5+ 49. Kb3 Kc5 50. Nd3+ Kb6 51. a4 Ne3 52. Ne5 Nd5 53. Ka3 Kc5 54. Kb3 Nb4 55. Kc3 Na6 56. Nd7+ Kc6 57. Ne5+ Kd6 58. Nc4+ Kc6 59. Nd2 Kb6 60. Nb3 Nc5 61. Nxc5 1/2-1/2